| 000 | 00705nam a22002057a 4500 | ||
|---|---|---|---|
| 999 |
_c164888 _d164888 |
||
| 005 | 20190529150132.0 | ||
| 010 | _aENG-125387 | ||
| 020 |
_a9788188569625 _c125.00 |
||
| 035 | _aEN-108919 | ||
| 037 | _bDBAD/PUB | ||
| 082 | _a410.92 | ||
| 100 | _aJois, Leena B. | ||
| 245 |
_aFounders and guardians of the Asiatic society of Mumbai : _cby Leela B.Jois [and] Purnima Srikrishna ; ed.by Aroon Tikekar _bJohn faithful fleet / |
||
| 260 |
_aMumbai _bIndus Source Books _c2014 |
||
| 270 |
_aPO Box 6194, Malabar Hill PO _bMumbai _e400006 _minfo@indussource.com |
||
| 300 |
_a104p _c22cm(pbk) |
||
| 700 | _aSrikrishna,Purnima | ||
| 700 | _aTikekar, Aroon | ||
| 942 |
_2ddc _cEN _h410.92 _mJOI |
||